[Event "ROM-ch U10 Girls"]
[Site "Voineasa"]
[Date "2008.04.16"]
[Round "7"]
[White "Minea, Miruna Cristina"]
[Black "Miutel, Andreea Elena Luca"]
[Result "1/2-1/2"]
[WhiteElo "476"]
[BlackElo "401"]
[PlyCount "30"]
[EventDate "2008.04.08"]
[EventType "swiss"]
[EventRounds "9"]
[EventCountry "ROU"]
[SourceTitle "EXT 2013"]
[Source "ChessBase"]
[SourceDate "2012.11.22"]
[SourceVersion "1"]
[SourceVersionDate "2012.11.22"]
[SourceQuality "1"]

1. e4 e5 2. Nf3 Nc6 3. Nc3 Nf6 4. Bc4 Bc5 5. 0-0 0-0 6. d3 d6 7. h3 Bd7 8. Ng5 Be8 9. Qf3 Nd4 10. Qd1 h6 11. Nf3 Qd7 12. Re1 Nxf3+ 13. Qxf3 b5 14. Bxb5 Qe6 15. Bc4 Bc6 1/2-1/2

[Event "ROM-ch U10 Girls"]
[Site "Voineasa"]
[Date "2008.04.14"]
[Round "4"]
[White "Ardelean, Lorela Daniela"]
[Black "Minea, Miruna Cristina"]
[Result "1-0"]
[WhiteElo "411"]
[BlackElo "476"]
[PlyCount "101"]
[EventDate "2008.04.08"]
[EventType "swiss"]
[EventRounds "9"]
[EventCountry "ROU"]
[SourceTitle "EXT 2013"]
[Source "ChessBase"]
[SourceDate "2012.11.22"]
[SourceVersion "1"]
[SourceVersionDate "2012.11.22"]
[SourceQuality "1"]

1. e4 e5 2. Nf3 Nc6 3. Nc3 Nf6 4. d4 d6 5. d5 Nd4 6. Nxd4 exd4 7. Qxd4 c5 8. dxc6 bxc6 9. e5 c5 10. Qd3 Ng4 11. Qf3 Rb8 12. exd6 Bxd6 13. Bc4 0-0 14. Be3 Ne5 15. Qe4 Re8 16. Bd3 Nxd3+ 17. Qxd3 Rxb2 18. 0-0 Qf6 19. a4 Qe7 20. g3 Bb7 21. Bf4 Qe6 22. Bxd6 Qh3 23. f3 Rb6 24. Bxc5 Ba6 25. Nb5 Rg6 26. Qd2 Bb7 27. Ra3 Qf5 28. Nd6 Qxc5+ 29. Kg2 Ree6 30. Re1 h6 31. Rxe6 Rxe6 32. Rd3 Ba6 33. c4 Qc6 34. Qd1 Qb6 35. Nb5 Bb7 36. Rd8+ Kh7 37. Qd3+ Rg6 38. Rd6 Qc5 39. Rd7 Bc6 40. Rxf7 Qb4 41. Rxa7 Qb2+ 42. Kh3 Qf2 43. Rf7 Qg1 44. a5 Kg8 45. Qxg6 Qf1+ 46. Kh4 Qxc4+ 47. Rf4 Qxb5 48. Qe6+ Kh7 49. Rg4 Bd7 50. Qg6+ Kh8 51. Qxg7# 1-0